000 00822nam a22002417a 4500
005 20251104105124.0
008 251017b |||||||| |||| 00| 0 eng d
017 _aLD.2516
018 _a2025
020 _a9789788557715
040 _aNLN
_bEnglish
_eAACR2
050 _aDT515.83.A471
_bA3
082 _a923.7
100 _aALUTU, Azuka N.
_eaut
_968080
245 _aReflection on my life 's journey :
_ba vasedictory message /
_cAzuka Ngozi Grace Alutu
260 _aBenin, Edo State (No 22 Benin Technical College Road Ugbowo P .O . BOX 5087) :
_bMindex Publishing Company,
_c2024
300 _axix, 124p. :
_bill. , ports. col. ; 23cm.
563 _a(pbk)
650 _aAlutu, Azuka Ngozi Grace
_968081
650 _aCollege teachers
_vNigeria
_xBiography
_968163
650 _aLife
_918801
942 _cBK
_n0
999 _c33441
_d33441